| 000 | 00613nam a2200217Ii 4500 | ||
|---|---|---|---|
| 003 | JO-AjNU | ||
| 008 | 230606s9999||||xx |||||||||||||| ||und|| | ||
| 020 | _a81-7169-801-8 | ||
| 040 |
_aJO-AjNU _beng _erda _cJO-AjNU |
||
| 041 | _aeng | ||
| 050 | 1 | 4 | _aLB2157.A3.G46.2018 |
| 100 | 3 |
_aGeorge, A., _eauthor _96039 |
|
| 245 | 0 | 4 | _aThe Grammer of Teaching and Learning |
| 250 | _a1 ed | ||
| 264 | 3 | 1 | _aNew Delhi: Commonwealth, 2018 |
| 300 | _a259p | ||
| 336 |
_atext _btxt _2rdacontent |
||
| 337 |
_aunmediated _bn _2rdamedia |
||
| 338 |
_avolume _bnc _2rdacarrier |
||
| 650 | 4 |
_aEnglish Language - Grammar _96040 |
|
| 999 |
_aE3133 _c3130 _d3130 |
||